140 años de historia de la Cámara de Comercio y la Producción de Valparaíso
Enregistré dans:
| Collectivité auteur: | |
|---|---|
| Format: | Livre |
| Langue: | espagnol |
| Publié: |
Valparaíso
Fundación Renzo Pecchenino Lukas
1998
|
| Édition: | 1a. ed |
| Sujets: | |
| Tags: |
Ajouter un tag
Pas de tags, Soyez le premier à ajouter un tag!
|
MARC
| LEADER | 00000nam a2200000 a 4500 | ||
|---|---|---|---|
| 001 | UCM8738 | ||
| 003 | CL-VaPUC | ||
| 008 | 030328e19980000CL |||||||||||||||||spa|d | ||
| 082 | 0 | 4 | |a 380.1 |b CAM |2 21 |
| 110 | 2 | |a Cámara Regional del Comercio y de la Producción, Valparaíso A.G |e author |9 474922 | |
| 245 | 1 | 0 | |a 140 años de historia de la Cámara de Comercio y la Producción de Valparaíso |
| 250 | |a 1a. ed | ||
| 300 | |a 174 p | ||
| 942 | |c BK | ||
| 945 | |d 20030328 00:00:00 |a rbrito | ||
| 260 | |a Valparaíso |b Fundación Renzo Pecchenino Lukas |c 1998 | ||
| 600 | 0 | 7 | |a VALPARAISO HISTORICO |2 CL-VaPUC |9 326504 |
| 650 | 0 | |a Comerciantes |9 267878 | |
| 650 | 0 | |a Desarrollo económico y social |9 256320 | |
| 650 | 7 | |a COMERCIO INTERNACIONAL |2 CL-VaPUC |9 474923 | |
| 650 | 0 | |a Historia local |9 266584 | |
| 650 | 0 | |a Industria salitrera |9 440309 | |
| 650 | 0 | |a Bombardeo de Valparaíso |9 395266 | |
| 650 | 7 | |a GUERRA CIVIL DE 1891 |2 CL-VaPUC |9 408173 | |
| 650 | 7 | |a TERREMOTO DE 1906 |2 CL-VaPUC |9 266587 | |
| 650 | 7 | |a DIRECTORIOS |2 CL-VaPUC |9 257460 | |
| 651 | 7 | |a CASABLANCA |2 CL-VaPUC |9 474924 | |
| 583 | |a last modification |c 20180403 09:23:10 |k Rodrigo Vera | ||
| 999 | |c 303177 |d 303175 | ||
| 952 | |0 0 |1 0 |4 0 |6 380_100000000000000_CAM_1998 |7 0 |8 P |9 364323 |a BIBDER |b BIBDER |d 2019-11-21 |i 3604608 |o 380.1 CAM 1998 |p 3604608 |r 2023-01-25 |w 2019-11-21 |y BK |k DER | ||
| 952 | |0 0 |1 0 |4 0 |6 380_100000000000000_CAM_1998 |7 0 |8 X |9 364324 |a FDOBUD |b FDOBUD |d 2019-11-21 |i 1056565 |o 380.1 CAM 1998 |p 1056565 |r 2019-11-21 |w 2019-11-21 |y BK_X |k BUD | ||